Изменение изотопного состава органического углерода пород и нефтей баженовской свиты с ростом катагенеза; Проблемы геологии и освоения недр; Т. 1

Xehetasun bibliografikoak
Parent link:Проблемы геологии и освоения недр=Problems of Geology and Subsurface Development: труды XXIX Международного молодежного научного симпозиума имени академика М.А. Усова, посвященного 80-летию Победы в Великой Отечественной войне, 7-11 апреля 2025 г., г. Томск/ Национальный исследовательский Томский политехнический университет, Инженерная школа природных ресурсов ; гл. ред. А. С. Боев ; отв. ред. Е. Ю. Пасечник.— .— Томск: Изд-во ТПУ, 2025
Т. 1.— 2025.— С. 21-23
Egile nagusia: Баженова О. А.
Beste egile batzuk: Кашапов Р. С. Роман Сергеевич (научный руководитель)
Gaia:Заглавие с экрана
Текстовый файл
Hizkuntza:errusiera
Argitaratua: 2025
Gaiak:
Sarrera elektronikoa:http://earchive.tpu.ru/handle/11683/133462
Formatua: Baliabide elektronikoa Liburu kapitulua
KOHA link:https://koha.lib.tpu.ru/cgi-bin/koha/opac-detail.pl?biblionumber=682814

MARC

LEADER 00000naa2a2200000 4500
001 682814
005 20251207112756.0
090 |a 682814 
100 |a 20251103d2025 k||y0rusy50 ca 
101 0 |a rus 
102 |a RU 
135 |a drcn ---uucaa 
200 1 |a Изменение изотопного состава органического углерода пород и нефтей баженовской свиты с ростом катагенеза  |f Баженова О. А., Кашапов Р. С.  |g науч. рук. Р.С. Кашапов 
300 |a Заглавие с экрана 
320 |a Литература: 3 назв 
336 |a Текстовый файл 
461 1 |0 682704  |9 682704  |t Проблемы геологии и освоения недр  |l Problems of Geology and Subsurface Development  |o труды XXIX Международного молодежного научного симпозиума имени академика М.А. Усова, посвященного 80-летию Победы в Великой Отечественной войне, 7-11 апреля 2025 г., г. Томск  |f Национальный исследовательский Томский политехнический университет, Инженерная школа природных ресурсов ; гл. ред. А. С. Боев ; отв. ред. Е. Ю. Пасечник  |c Томск  |d 2025  |n Изд-во ТПУ 
463 1 |0 682705  |9 682705  |t Т. 1  |d 2025  |v С. 21-23  |u conference_tpu-2025-C11_V1.pdf 
545 1 |a Палеогеография и эволюция осадочных бассейнов 
610 1 |a труды учёных ТПУ 
610 1 |a электронный ресурс 
610 1 |a осадочные породы 
610 1 |a баженовская свита 
610 1 |a углерод 
610 1 |a катагенез 
610 1 |a термическая обработка 
610 1 |a изотопный состав 
700 1 |a Баженова  |b О. А. 
701 1 |a Кашапов  |b Р. С.  |c геолог  |c инженер-исследователь Томского политехнического университета  |f 1985-  |g Роман Сергеевич  |9 18601 
702 1 |a Кашапов  |b Р. С.  |c геолог  |c инженер-исследователь Томского политехнического университета  |f 1985-  |g Роман Сергеевич  |4 727 
801 0 |a RU  |b 63413507  |c 20251103  |g RCR 
850 |a 63413507 
856 4 |u http://earchive.tpu.ru/handle/11683/133462  |z http://earchive.tpu.ru/handle/11683/133462 
942 |c CF